Planets and Dwarf Planets A-Z - Statistics

General Stats
  • This quiz has been taken 67 times
    66 since last reset
  • The average score is 9 of 10
Answer Stats
Hint Answer % Correct
E Earth | Eris
98%
M Makemake | Mars | Mercury
98%
S Saturn
98%
U Uranus
98%
V Venus
98%
J Jupiter
96%
N Neptune
96%
P Pluto
92%
C Ceres
83%
H Haumea
69%
No matching quizzes found
Score Distribution
Percent of People with Each Score
Percentile by Number Answered
Your Score History
You have not taken this quiz since the last reset